000
00270nam a2200097Ia 4500
008
220204s9999 xx 000 0 und d
082
_a
334.788.2
_b
MAD
245
0
_a
Madras chamber of commerce rules. Pt 1 & Pt 2
260
_a
Madras
_b
Chamber of Commerce
_c
1939
942
_c
BK
999
_c
20110
_d
20110